Score 0/11 Timer 03:00
1 Play Today
Hint Name % Correct
3Pearson
100%
2Pearson Hardman
85.4%
6Pearson Specter
83.1%
7Pearson Specter Litt
83.1%
8Specter Litt
83.1%
9Zane Specter Litt
79.8%
4Pearson Darby
71.9%
10Zane Specter Litt Wheeler Williams
65.2%
5Pearson Darby Specter
64%
11Specter Litt Wheeler Williams
59.7%
1Gordon Schmidt Van Dyke
42.7%

You're not logged in!

Compare scores with friends on all Sporcle quizzes.
OR
Log In

Sporcle TV

Today on Sporcle TV


Watch our educational content, quiz creation guides, and fun videos on Sporcle TV.

Show Comments

Extras

Created Jun 26, 2019ReportNominate
Tags:firm, law, suits, USA

Top Quizzes Today


Score Distribution

Paid Content

Your Account Isn't Verified!

In order to create a playlist on Sporcle, you need to verify the email address you used during registration. Go to your Sporcle Settings to finish the process.

Report this User

Report this user for behavior that violates our Community Guidelines.

Details: